Sổ tay sử dụng thuốc bảo vệ thực vật

保存先:
書誌詳細
第一著者: Nguyễn Mạnh Chinh
フォーマット: 図書
言語:Undetermined
出版事項: TP.Hồ Chí Minh NXB Nông Nghiệp 1998
主題:
タグ: タグ追加
タグなし, このレコードへの初めてのタグを付けませんか!
Thư viện lưu trữ: Trung tâm Học liệu Trường Đại học Cần Thơ
LEADER 00599nam a2200181Ia 4500
001 CTU_38648
008 210402s9999 xx 000 0 und d
082 |a 632.95 
082 |b Ch312 
100 |a Nguyễn Mạnh Chinh 
245 0 |a Sổ tay sử dụng thuốc bảo vệ thực vật 
245 0 |c Nguyễn Mạnh Chinh, Ký văn Ngọt 
260 |a TP.Hồ Chí Minh 
260 |b NXB Nông Nghiệp 
260 |c 1998 
650 |a agricultural chemicals,insecticides,pesticides 
904 |i Liên, 990617 
980 |a Trung tâm Học liệu Trường Đại học Cần Thơ